00610nam a22001697a 450000500170000001000150001702000260003203500140005803700130007208200150008510000230010024501280012326000610025127000810031230000260039370000210041920220519124035.0 aENG-132692 a9789388322515c399.00 aEN-116224 bDBAD/PUB a658.400954 aGopalakrishnan, R. aThe Made in India Manager:bHow To Use Indian Cultural Influences on a Global Stage/cR. Gopalakrishnan and Ranjan Banerjee aGurugrambHachette Books Publsihing India Pvt. Ltdc2019 a4th & 5th Floors, Corporate Centre, Plot No. 94, Sector 44bGurugrame122003 axix, 196p.c20cm(pbk) aBanerjee, Ranjan